Logo BPK

Biblioteka

Politechniki Koszalińskiej

The Grammar Lab / (Rekord nr 48253)

Szczegóły MARC
000 -ETYKIETA REKORDU
podpole kontrolne o stałej długości 00683nam a2200217 i 4500
001 - NUMER KONTROLNY REKORDU
pole kontrolne bgj
020 ## - MIĘDZYNARODOWY ZNORMALIZOWANY NUMER KSIĄŻKI - ISBN
ISBN 0194330168 (pbk)
040 ## - ŹRÓDŁO KATALOGOWANIA
Instytucja, która utworzyła rekord BPK
041 0# - KOD JĘZYKA
Kod języka tekstu eng
920 ## - Międzynarodowy znormalizowany numer książki – ISBN
ISBN 0-19-433016-8 (pbk)
008 - POLE O STAŁEJ DŁUGOŚCI - DANE KONTROLNE
podpole kontrolne o stałej długości s uk f |000 0 eng
100 1# - NAZWA OSOBOWA
Nazwa osobowa BOURKE, Kenna
245 10 - TYTUŁ/ODPOWIEDZIALNOŚĆ
Tytuł The Grammar Lab /
Pozostałe elementy strefy tytułu i oznaczenia odpowiedzialności Kenna Bourke ; illustrated by Korky Paul and David Mostyn.
250 ## - STREFA WYDANIA
Oznaczenie wydania 1st published in 1999
-- [4th impr.].
260 ## - STREFA ADRESU WYDAWNICZEGO
Miejsce wydania Oxford ;
-- New York :
Nazwa wydawcy/dystrybutora Oxford University Press,
Data publikacji, dystrybucji/powstania dokumentu 2001.
300 ## - STREFA OPISU FIZYCZNEGO
Objętość 186 pp :
Inne cechy fizyczne ill. ;
Rozmiary 28 cm.
650 #9 - HASŁO PRZEDMIOTOWE W FORMIE NAZWY OGÓLNEJ LUB JEDNOSTKOWEJ
Nazwa ogólna lub geograficzna English Language
Określnik ogólny Grammar
-- Textbooks for young learners
700 1# - HASŁO DODATKOWE - NAZWA OSOBOWA
Nazwa osobowa PAUL, Korky.
Określenie związku między hasłem a opisywanym materiałem ill.
700 1# - HASŁO DODATKOWE - NAZWA OSOBOWA
Nazwa osobowa MOSTYN, David.
Określenie związku między hasłem a opisywanym materiałem ill.
856 ## - LOKALIZACJA I DOSTĘP DO ELEKTRONICZNYCH DOKUMENTÓW ZDALNYCH
Link (URL) http://koha.tu.koszalin.pl/cgi-bin/koha/opac-detail.pl?biblionumber=48253
Tekst linku Katalog online BPK
942 ## - DODATKOWE ELEMENTY (KOHA)
Typ dokumentu Książka
Egzemplarze
Wycofany Status egzemplarza Uszkodzony Dostępność Lokalizacja stała Lokalizacja bieżąca Miejsce przechowywania Sygnatura Kod kreskowy Typ dokumentu
      Tylko na miejscu Biblioteka Politechniki Koszalińskiej Biblioteka Politechniki Koszalińskiej Czytelnia Wydziałowa ul. Kwiatkowskiego 6e KA 5481 09087491 Książka
© 2023 Biblioteka Politechniki Koszalińskiej :: KOHA